000 00912nam a2200217Ii 4500
003 JO-AjNU
008 230605s9999||||xx |||||||||||||| ||und||
017 _a2002/19499
040 _aJO-AjNU
_bara
_erda
_cJO-AjNU
041 _aara
050 1 4 _aPJ7750.I21.A15 2002
100 3 _aحقق أصوله ووثق نصوصة وضبطه وكتب مقدماته وتعليقاته ووضع فهارسه سعد،طه عبد الرؤوف ,
_eauthor
_914380
245 0 0 _aطوق الحمامة في الألفة والألالف ألفه الفقيه الأديب أبو محمد علي بن أحمد بن حزم
250 _aط1
264 3 1 _aالقاهرة:دار الحرم للتراث،2002
300 _a176ص
_bفهرس:ص(165-176)
336 _atext
_btxt
_2rdacontent
337 _aunmediated
_bn
_2rdamedia
338 _avolume
_bnc
_2rdacarrier
650 4 _a الأدب العربي - الأندلس
_914381
999 _aA3821
_c7389
_d7389